<?xml version="1.0" encoding="UTF-8"?>
<record
    xmlns:xsi="http://www.w3.org/2001/XMLSchema-instance"
    xsi:schemaLocation="http://www.loc.gov/MARC21/slim http://www.loc.gov/standards/marcxml/schema/MARC21slim.xsd"
    xmlns="http://www.loc.gov/MARC21/slim">

  <leader>01382nam a22001817a 4500</leader>
  <controlfield tag="003">OSt</controlfield>
  <controlfield tag="005">20251020165818.0</controlfield>
  <controlfield tag="008">251020b        |||||||| |||| 00| 0 eng d</controlfield>
  <datafield tag="020" ind1=" " ind2=" ">
    <subfield code="a">9789978483329</subfield>
  </datafield>
  <datafield tag="100" ind1=" " ind2=" ">
    <subfield code="a">Jean Webster</subfield>
  </datafield>
  <datafield tag="245" ind1=" " ind2=" ">
    <subfield code="a">Papaito piernas  largas </subfield>
  </datafield>
  <datafield tag="260" ind1=" " ind2=" ">
    <subfield code="a">Quito-Ecuador</subfield>
    <subfield code="b">Velasquez &amp; Velasquez Editores</subfield>
    <subfield code="c">2013</subfield>
  </datafield>
  <datafield tag="300" ind1=" " ind2=" ">
    <subfield code="a">206</subfield>
    <subfield code="c">14 cm &#xD7; 21 cm &#xD7; 0,50 cm.</subfield>
  </datafield>
  <datafield tag="520" ind1=" " ind2=" ">
    <subfield code="a">La historia sigue a Jerusha &#x201C;Judy&#x201D; Abbott, una joven hu&#xE9;rfana que ha pasado toda su infancia en un orfanato llamado John Grier Home. Un d&#xED;a, los administradores reciben la visita de un misterioso benefactor que decide pagarle los estudios universitarios a Judy, impresionado por su talento para la escritura.

La &#xFA;nica condici&#xF3;n es que ella le escriba una carta cada mes, cont&#xE1;ndole su vida en la universidad, aunque &#xE9;l nunca le responder&#xE1; ni revelar&#xE1; su identidad. Judy, que solo alcanz&#xF3; a ver la sombra del hombre cuando se iba (alta y con piernas largas), lo apoda cari&#xF1;osamente &#x201C;Papaito Piernas Largas&#x201D; (Daddy-Long-Legs en ingl&#xE9;s).

Durante sus a&#xF1;os de estudio, Judy escribe con humor, inocencia y sinceridad sobre sus experiencias, amistades, descubrimientos y emociones. A medida que madura, desarrolla un fuerte sentido de independencia y comienza a escribir novelas.</subfield>
  </datafield>
  <datafield tag="650" ind1=" " ind2=" ">
    <subfield code="2">Papaito piernas largas </subfield>
  </datafield>
  <datafield tag="650" ind1=" " ind2=" ">
    <subfield code="2">Jugar y aprender</subfield>
  </datafield>
  <datafield tag="942" ind1=" " ind2=" ">
    <subfield code="2">ddc</subfield>
    <subfield code="c">BK</subfield>
    <subfield code="n">0</subfield>
  </datafield>
  <datafield tag="952" ind1=" " ind2=" ">
    <subfield code="0">0</subfield>
    <subfield code="1">0</subfield>
    <subfield code="2">ddc</subfield>
    <subfield code="4">0</subfield>
    <subfield code="7">0</subfield>
    <subfield code="8">F02</subfield>
    <subfield code="a">ISUS</subfield>
    <subfield code="b">ISUS</subfield>
    <subfield code="c">Biblioteca Abierta</subfield>
    <subfield code="d">2025-10-20</subfield>
    <subfield code="i">0441</subfield>
    <subfield code="l">0</subfield>
    <subfield code="p">BIBLIO0441</subfield>
    <subfield code="r">2025-10-20 17:00:31</subfield>
    <subfield code="t">1</subfield>
    <subfield code="w">2025-10-20</subfield>
    <subfield code="y">BK</subfield>
  </datafield>
  <datafield tag="999" ind1=" " ind2=" ">
    <subfield code="c">2011</subfield>
    <subfield code="d">2011</subfield>
  </datafield>
</record>
